000 00256nam a2200109Ia 4500
008 190216s9999||||xx |||||||||||||| ||und||
100 _aAnand J
245 0 _aMedical College Entrance Exam
260 _bBright Careers
650 _aReferences
942 _cREF
999 _c36135
_d36135